| 000 | 00332nam a2200133Ia 4500 | ||
|---|---|---|---|
| 005 | 20251222152009.0 | ||
| 008 | 251222s9999||||xx |||||||||||||| ||spa|| | ||
| 020 | _a9972686426 | ||
| 082 | _a249.77/J81/2007 | ||
| 100 | _a"Juan Pablo II, Papa" | ||
| 245 | 0 | _aChristifideles laici | |
| 264 | _bGestión de conocimiento | ||
| 942 | _cLIB | ||
| 999 |
_c24821 _d24821 |
||